000 00679nam a22002177a 4500
008 240706b mp ||||| |||| 00| 0 mon d
035 _a3909
040 _aBH0164090
_bmon
_cMN-UlNLM
_dMN-UlNLM
_erda
041 _amon
042 _a55419
084 _2NNA
_a84/2орос/
_bЛ-580
100 _aЛиндгрен А.
245 0 _aДээвэр дээр суудаг Корлсон жаалхүү хоёр
264 _aУлаанбаатар
_bУлсын хэвлэлийн газар
_c1959
300 _a137х.
336 _2rdacontent
_atext
_btxt
337 _2rdamedia
_aunmediated
_bn
338 _2rdacarrier
_avolume
_bnc
650 _aТууж
942 _2NNA
_cBK
999 _c1103303
_d1103360